[Event "CSR-ch"]
[Site "Prague"]
[Date "1986.??.??"]
[Round "9"]
[White "Plachetka, Jan"]
[Black "Smejkal, Jan"]
[Result "1/2-1/2"]
[WhiteElo "2430"]
[BlackElo "2550"]

1.d4 Nf6 2.c4 g6 3.Nc3 d5 4.cxd5 Nxd5 5.e4 Nxc3 6.bxc3 Bg7 7.Bc4 c5 8.Ne2 O-O
9.O-O Nc6 10.Be3 Bg4 11.f3 Na5 12.Bd5 Bd7 13.Rb1 Qc7 14.Bf4 Qc8 15.Qd2 e6
16.Bb3 Nxb3 17.axb3 cxd4 18.cxd4  1/2-1/2

[Event "Tbilisi"]
[Site "Tbilisi"]
[Date "1986.??.??"]
[Round "?"]
[White "Arkhipov, Sergey"]
[Black "Zaichik, Gennadi"]
[Result "1/2-1/2"]
[WhiteElo "2540"]
[BlackElo "2490"]

1.d4 Nf6 2.c4 g6 3.Nc3 d5 4.cxd5 Nxd5 5.e4 Nxc3 6.bxc3 Bg7 7.Bc4 O-O 8.Ne2 b6
9.O-O Bb7 10.Qd3 Nc6 11.Rd1 Na5 12.Ba6 Bxa6 13.Qxa6 Qd7 14.Be3 Qc6 15.f3 Rfe8
16.Rab1 Qc4 17.Qxc4 Nxc4 18.Bc1 a5 19.Nf4 e6 20.Nd3 f5 21.exf5 exf5 22.Kf2 c5
23.dxc5 Bxc3 24.cxb6 Bd4+ 25.Kg3 Bxb6 26.Bf4 Rad8 27.Rdc1 Rxd3 28.Rxc4 Re6
29.Rc8+ Kf7 30.Rh8 h5 31.Rh7+ Kg8 32.Rb7 Bd8 33.Rb8 Re8 34.Kh3 Kf7 35.R1b7+ Be7
36.Ra7 g5 37.Be5 Rxb8 38.Bxb8 f4 39.g3 fxg3 40.hxg3 Rxf3 41.Bd6 Re3 42.Kg2  1/2-1/2

[Event "Tirnavia"]
[Site "Trnava"]
[Date "1986.??.??"]
[Round "5"]
[White "Plachetka, Jan"]
[Black "Kouatly, Bachar"]
[Result "1/2-1/2"]
[WhiteElo "2430"]
[BlackElo "2445"]

1.d4 Nf6 2.c4 g6 3.Nc3 d5 4.cxd5 Nxd5 5.e4 Nxc3 6.bxc3 Bg7 7.Bc4 c5 8.Ne2 Nc6
9.Be3 O-O 10.O-O Qc7 11.Rc1 Rd8 12.Bf4 Qd7 13.d5 Na5 14.Bb3 b6 15.c4 e5 16.Bg5 f6
17.Bd2 Nb7 18.f4 exf4 19.Rxf4 Nd6 20.Ng3 Qe7 21.Qc2 f5 22.exf5 Nxf5 23.Re1 Qc7
24.Qe4 Bd4+ 25.Kh1 Nxg3+ 26.hxg3 Bf5  1/2-1/2

[Event "Tirnavia"]
[Site "Trnava"]
[Date "1986.??.??"]
[Round "6"]
[White "Schmidt, Wlodzimierz"]
[Black "Banas, Jan"]
[Result "1-0"]
[WhiteElo "2450"]
[BlackElo "2395"]

1.d4 Nf6 2.c4 g6 3.Nc3 d5 4.cxd5 Nxd5 5.e4 Nxc3 6.bxc3 Bg7 7.Nf3 c5 8.Rb1 O-O
9.Be2 cxd4 10.cxd4 Qa5+ 11.Qd2 Qxd2+ 12.Bxd2 b6 13.O-O Bb7 14.d5 Ba6 15.Bxa6 Nxa6
16.Be3 Rfe8 17.Nd4 Bxd4 18.Bxd4 e6 19.dxe6 Rxe6 20.f3 Rd8 21.Be3 Rd3 22.Rb3 Red6
23.Rc1 Kg7 24.Kf2 Nc5 25.Bxc5 bxc5 26.Rxc5 Rd2+ 27.Kg3 Rxa2 28.Rb7 Rf6 29.h4 a6
30.Ra7 h5 31.Rc8 Ra5 32.Re8 g5 33.e5 gxh4+ 34.Kxh4 Rf5 35.e6 Ra2 36.Kh3 h4
37.Ree7 Re2 38.Rxf7+ Rxf7 39.Rxf7+ Kg6 40.Ra7 Rxe6 41.Kxh4 Rb6 42.g4 Rc6
43.f4 Rb6 44.f5+ Kf6 45.Rc7  1-0

[Event "Tirnavia"]
[Site "Trnava"]
[Date "1986.??.??"]
[Round "9"]
[White "Lukacs, Peter"]
[Black "Schmidt, Wlodzimierz"]
[Result "1/2-1/2"]
[WhiteElo "2460"]
[BlackElo "2450"]

1.d4 Nf6 2.c4 g6 3.Nc3 d5 4.cxd5 Nxd5 5.e4 Nxc3 6.bxc3 Bg7 7.Bc4 c5 8.Ne2 Nc6
9.Be3 O-O 10.O-O cxd4 11.cxd4 Bg4 12.f3 Na5 13.Bd3 Be6 14.d5 Bxa1 15.Qxa1 f6
16.Rb1 Bd7 17.e5 fxe5 18.Qxe5 Qb8 19.Qd4 Qd6 20.Bd2 b6 21.Bc3 Qf6 22.Qe3 Qd6
23.Qd4 Qf6 24.Qe3 Qd6 25.Qd4  1/2-1/2

[Event "Vrnjacka Banja"]
[Site "Vrnjacka Banja"]
[Date "1986.??.??"]
[Round "?"]
[White "Vaisser, Anatoli"]
[Black "Simic, Radoslav"]
[Result "1/2-1/2"]
[WhiteElo "2510"]
[BlackElo "2455"]

1.d4 Nf6 2.c4 g6 3.Nc3 d5 4.cxd5 Nxd5 5.e4 Nxc3 6.bxc3 Bg7 7.Bc4 c5 8.Ne2 O-O
9.O-O Nc6 10.Be3 Na5 11.Bd3 cxd4 12.cxd4 Bg4 13.Rb1 a6 14.d5 b5 15.Qd2 f5
16.f3 fxe4 17.fxe4 Rxf1+ 18.Rxf1 Rc8 19.Rc1 Nc4 20.Bxc4 Rxc4 21.Rxc4 bxc4
22.Nc3 Qa5 23.Bd4 e5 24.dxe6 Bxe6  1/2-1/2

[Event "Yerevan"]
[Site "Yerevan"]
[Date "1986.??.??"]
[Round "?"]
[White "Balashov, Yuri S"]
[Black "Donchev, Dimitar I"]
[Result "1-0"]
[WhiteElo "2515"]
[BlackElo "2440"]

1.d4 Nf6 2.c4 g6 3.Nc3 d5 4.cxd5 Nxd5 5.e4 Nxc3 6.bxc3 Bg7 7.Bc4 b6 8.Ne2 Qd7
9.O-O Ba6 10.Bxa6 Nxa6 11.Nf4 c5 12.Qe2 Nc7 13.dxc5 Bxc3 14.Rb1 bxc5 15.Rb7 e6
16.Nd5 exd5 17.exd5+ Kf8 18.Qf3 Be5 19.Bh6+ Bg7 20.d6 Qf5 21.Qxf5 gxf5 22.Bxg7+ Kxg7
23.dxc7 Rac8 24.Rc1 Rhe8 25.f4 Re7 26.Rxc5 a6 27.a4 f6 28.a5 Kf7 29.Kf2 Rd7
30.g3 Re7 31.Rc6 Kg7 32.Ra7  1-0

[Event "EU-ch U18"]
[Site "Arnhem"]
[Date "1987.??.??"]
[Round "12"]
[White "Lev, Ronen"]
[Black "Ivanchuk, Vassily"]
[Result "1/2-1/2"]
[WhiteElo "2400"]
[BlackElo "2480"]

1.d4 Nf6 2.c4 g6 3.Nc3 d5 4.cxd5 Nxd5 5.e4 Nxc3 6.bxc3 Bg7 7.Nf3 O-O 8.Be2 c5
9.O-O b6 10.Bg5 Bb7 11.Qd3 Qc7 12.Rac1 e6 13.Rfd1 Nd7 14.e5 Rac8 15.Qe3 Qc6
16.h4 h5 17.Bc4 Rfe8 18.Qe2 Qc7 19.Bf4 Bd5 20.Bxd5 exd5 21.c4 dxc4 22.e6 Rxe6
23.Qxe6 fxe6 24.Bxc7 Rxc7 25.Rxc4 b5 26.Rc2 c4 27.Ng5 Nb6 28.Nxe6 Rc6 29.d5 Rd6
30.Rb1 a6 31.Nc7 Na4 32.Kf1 Nc3 33.Re1 Nxd5 34.Nxd5 Rxd5 35.Re6 a5 36.Rxg6 Kh7
37.Rb6 c3 38.Ke2 b4 39.g3 Bh6 40.Rb7+ Kg6 41.Rb6+ Kh7 42.f4 Bf8 43.Ra6 Kg7
44.Re6 Bc5 45.Re5 Rxe5+ 46.fxe5 Bd4 47.Kd3 Bxe5 48.Rg2 a4 49.Kc4 Bd6 50.g4 hxg4
51.Rxg4+ Kh6  1/2-1/2

[Event "AdW-Turnier"]
[Site "Berlin-Ost"]
[Date "1987.??.??"]
[Round "?"]
[White "Knaak, Rainer"]
[Black "Szitkey, Milan"]
[Result "1/2-1/2"]
[WhiteElo "2530"]
[BlackElo "2360"]

1.d4 Nf6 2.c4 g6 3.Nc3 d5 4.cxd5 Nxd5 5.e4 Nxc3 6.bxc3 Bg7 7.Bc4 O-O 8.Be3 c5
9.Ne2 Nc6 10.O-O Na5 11.Bd3 b6 12.Rc1 cxd4 13.cxd4 Bb7 14.d5 Rc8 15.Qd2 Qd7
16.Qb4 Rxc1 17.Rxc1 Rc8 18.Rxc8+ Bxc8 19.Nd4 e6 20.Bb5 Qd8 21.dxe6 fxe6 22.h3 Be5
23.f4 Bd6 24.Qc3 Qc7 25.Qxc7 Bxc7 26.Bd2 a6 27.Bd3 b5 28.Kf1 Nc4 29.Bxc4 bxc4
30.e5 Kf7 31.Nf3 h6 32.Bc3 Bb7 33.Nd2 Bd5 34.g4 Bb6 35.Ke2 a5 36.Nb1 Be4
37.Na3 Bd3+ 38.Kd2 g5 39.fxg5 hxg5 40.Nb5 a4 41.Bd4 Ba5+ 42.Ke3 Bf1 43.Kf2 Bd3
44.Bc3 Bb6+ 45.Ke1 Bc5 46.a3 Ke8 47.Bd2 Be7 48.Bc1 Kd7 49.Nc3 Kc6 50.Bb2 Bc2
51.Kd2 Bb3 52.Ne4 Bd8 53.Nf6 Ba2 54.Kc2 Bb3+ 55.Kc1 Bb6 56.Kd2 Bd8 57.Ke2 Bc2
58.Ke3  1/2-1/2

[Event "Berlin op"]
[Site "Berlin-West"]
[Date "1987.??.??"]
[Round "?"]
[White "Razuvaev, Yuri S"]
[Black "Pribyl, Josef"]
[Result "1/2-1/2"]
[WhiteElo "2490"]
[BlackElo "2450"]

1.d4 Nf6 2.c4 g6 3.Nc3 d5 4.cxd5 Nxd5 5.e4 Nxc3 6.bxc3 Bg7 7.Bc4 c5 8.Ne2 Nc6
9.Be3 O-O 10.O-O Qc7 11.Rc1 Rd8 12.Bf4 Qd7 13.d5 Ne5 14.Bxe5 Bxe5 15.f4 Bg7
16.Qb3 Rb8 17.a4 Qc7 18.e5 a6 19.Kh1 Bd7 20.d6 exd6 21.Bxf7+ Kh8 22.e6 Be8
23.Bxe8 Rxe8 24.f5 gxf5 25.Nf4 Be5 26.Nd5 Qg7 27.e7 Rg8 28.Qc2 Qh6 29.g3 Rxg3
30.Rce1 Rh3 31.Rxe5 dxe5 32.Rxf5 Rg8 33.Rf1 Qh4 34.Rg1 Rxg1+ 35.Kxg1 Qg4+
36.Qg2 Qd1+  1/2-1/2

[Event "Berlin-ch"]
[Site "Berlin"]
[Date "1987.??.??"]
[Round "?"]
[White "Paulsen, Dirk"]
[Black "Bachmann, Andreas"]
[Result "1-0"]
[WhiteElo "2345"]
[BlackElo "2235"]

1.c4 g6 2.d4 Nf6 3.Nc3 d5 4.cxd5 Nxd5 5.e4 Nxc3 6.bxc3 Bg7 7.Nf3 c5 8.Rb1 O-O
9.Be2 cxd4 10.cxd4 Qa5+ 11.Qd2 Qxd2+ 12.Bxd2 e6 13.h4 b6 14.h5 Rd8 15.Bg5 f6
16.Be3 Bb7 17.Bc4 Re8 18.hxg6 hxg6 19.d5 exd5 20.exd5 Nd7 21.d6+ Kf8 22.Nd4 Nc5
23.Rb5 Rad8 24.Rxc5 bxc5 25.Ne6+ Rxe6 26.Bxe6 Bc8 27.Bb3 f5 28.Rh7 Rd7 29.Bxc5 Bd4
30.Ba3 Bb2 31.Be6 Bxa3 32.Bxd7 Kg8 33.Re7  1-0

[Event "Brussels mix"]
[Site "Brussels"]
[Date "1987.??.??"]
[Round "2"]
[White "Cramling, Pia"]
[Black "Dlugy, Maxim"]
[Result "1/2-1/2"]
[WhiteElo "2445"]
[BlackElo "2545"]

1.d4 Nf6 2.c4 g6 3.Nc3 d5 4.cxd5 Nxd5 5.e4 Nxc3 6.bxc3 Bg7 7.Bc4 c5 8.Ne2 Nc6
9.Be3 O-O 10.O-O Na5 11.Bd3 b6 12.Qd2 Bb7 13.Bh6 e6 14.Rad1 Rc8 15.Bxg7 Kxg7
16.Qb2 Kg8 17.Rfe1 Qe7 18.Ng3 Rfd8 19.d5 exd5 20.exd5 Qf6 21.Be4 Nc4 22.Qc1 b5
23.d6 Nxd6 24.Rxd6 Qxd6 25.Bxb7 Rb8 26.Bf3 f5 27.Nf1 Kg7 28.Re2 Re8 29.Rd2 Qe7
30.Bc6 Red8 31.Rxd8 Qxd8 32.Qf4 Rb6 33.Bf3 Qd6 34.Qe3 Ra6 35.Qe2 c4 36.Qb2 Qc5
37.Ne3 Rd6 38.g3 a5 39.Be2 Qe5  1/2-1/2

[Event "OHRA op"]
[Site "Brussels"]
[Date "1987.??.??"]
[Round "6"]
[White "Gutman, Lev"]
[Black "Pein, Malcolm"]
[Result "0-1"]
[WhiteElo "2475"]
[BlackElo "2385"]

1.d4 Nf6 2.c4 g6 3.Nc3 d5 4.cxd5 Nxd5 5.e4 Nxc3 6.bxc3 Bg7 7.Bc4 O-O 8.Ne2 c5
9.O-O Nc6 10.Be3 Qc7 11.Rb1 e6 12.Qc1 a6 13.Bf4 Qe7 14.d5 Na5 15.d6 Qd7 16.Bb3 e5
17.Be3 Nxb3 18.Rxb3 Qxd6 19.Rd1 Qc6 20.c4 Qxe4 21.Rd5 b5 22.Nc3 Qf5 23.cxb5 c4
24.Ra3 Bb7 25.bxa6 Rxa6 26.Rxa6 Bxa6 27.h3 Bb7 28.Rd6 h5 29.Qd2 Qc8 30.a4 Qa8
31.f3 Re8 32.Kf2 e4 33.f4 Qa5 34.Nxe4 c3  0-1

[Event "Noviki-B"]
[Site "Budapest"]
[Date "1987.??.??"]
[Round "?"]
[White "Petran, Pal"]
[Black "Kouatly, Bachar"]
[Result "1/2-1/2"]
[WhiteElo "2400"]
[BlackElo "2470"]

1.d4 Nf6 2.c4 g6 3.Nc3 d5 4.cxd5 Nxd5 5.e4 Nxc3 6.bxc3 Bg7 7.Nf3 c5 8.Be3 Qa5
9.Qd2 Bg4 10.Rc1 O-O 11.Be2 e6 12.d5 exd5 13.exd5 c4 14.O-O Nd7 15.Rfd1 Rac8
16.Bd4 Bxf3 17.Bxg7 Bxe2 18.Bxf8 Bxd1 19.Bb4 Qd8 20.Rxd1 Ne5 21.Qd4 Nd3 22.Ba3 b5
23.Bc1 Qb6 24.Qxb6 axb6 25.Be3 Rd8 26.a3 Rxd5 27.Bxb6 Nf4 28.Rxd5 Nxd5 29.Bd4 f6
30.Kf1 Kf7 31.g3 g5 32.h3 h5 33.Ke2 g4 34.hxg4 hxg4 35.f3 f5 36.Be5 Ke6 37.Bd4 Kd7
38.Be5 Kc6 39.fxg4 fxg4 40.Kd2 Kd7 41.Ke2 Ke6 42.Bd4 Kf5 43.Bg7 Ke4 44.Bd4 Ne7
45.Bb6 Nf5 46.Bc7 Kd5 47.Kf2 Kc6 48.Bd8 Kd5 49.Bc7 Ke4 50.Ke2 Ne7 51.Bb6 Nd5
52.Bd4 b4 53.axb4 Nxb4 54.cxb4 Kxd4 55.Kd2 c3+ 56.Kc2 Kc4 57.b5 Kxb5 58.Kxc3 Kc5
59.Kd3 Kd5 60.Ke3 Ke5 61.Kd3 Kd5 62.Ke3  1/2-1/2

[Event "Budapest"]
[Site "Budapest"]
[Date "1987.??.??"]
[Round "5"]
[White "Danner, Georg"]
[Black "Vegh, Endre"]
[Result "1/2-1/2"]
[WhiteElo "2405"]
[BlackElo "2375"]

1.d4 Nf6 2.c4 g6 3.Nc3 d5 4.cxd5 Nxd5 5.e4 Nxc3 6.bxc3 Bg7 7.Nf3 c5 8.Bb5+ Nc6
9.O-O cxd4 10.cxd4 O-O 11.Bxc6 bxc6 12.Be3 Bg4 13.Rc1 Qa5 14.Rxc6 Qxa2 15.Qa1 Qxa1
16.Rxa1 Rfd8 17.Rc4 Rd7 18.Ra5 Rb7 19.h3 Bd7 20.d5 Bb5 21.Rc5 Bd3 22.Ra4 Rb1+
23.Kh2 Ra1 24.Rxa1 Bxa1 25.e5 a5 26.d6 exd6 27.exd6 a4 28.Nd4 Rd8 29.Ra5 Rxd6
30.Rxa4  1/2-1/2

[Event "Budapest"]
[Site "Budapest"]
[Date "1987.??.??"]
[Round "9"]
[White "Danner, Georg"]
[Black "Conquest, Stuart"]
[Result "0-1"]
[WhiteElo "2405"]
[BlackElo "2445"]

1.d4 Nf6 2.c4 g6 3.Nc3 d5 4.cxd5 Nxd5 5.e4 Nxc3 6.bxc3 Bg7 7.Ba3 Nd7 8.Qb3 c5
9.Bc4 O-O 10.Nf3 Rb8 11.O-O b5 12.Be2 Bb7 13.Qc2 Qa5 14.Bb2 cxd4 15.cxd4 Rfc8
16.Qd3 a6 17.h4 Nc5 18.dxc5 Bxb2 19.Rad1 Rxc5 20.Ng5 Bf6 21.f4 Rc3 22.Qd7 Qb6+
23.Kh2 Bc6 24.Qd2 Qe3 25.Rf3 Qxd2 26.Rxd2 h6 27.Rxc3 Bxc3 28.Rd3 Bb2 29.Rb3 Bc1
30.Rc3 Bxf4+ 31.g3 Rb6 32.Nf3 Bd6 33.e5 Bb8 34.h5 g5 35.e6 fxe6 36.Nd4 Bd5
37.Rc8+ Kg7 38.a3 Bd6 39.Nc2 Rc6 40.Rxc6 Bxc6  0-1

[Event "Budapest"]
[Site "Budapest"]
[Date "1987.??.??"]
[Round "10"]
[White "Zsinka, Laszlo"]
[Black "Hoelzl, Franz"]
[Result "1-0"]
[WhiteElo "2320"]
[BlackElo "2390"]

1.d4 Nf6 2.c4 g6 3.Nc3 d5 4.cxd5 Nxd5 5.e4 Nxc3 6.bxc3 Bg7 7.Bc4 c5 8.Ne2 Nc6
9.Be3 cxd4 10.cxd4 Qa5+ 11.Bd2 Qh5 12.d5 Ne5 13.Bb5+ Bd7 14.Bxd7+ Nxd7 15.Rb1 O-O
16.Be3 b6 17.O-O Rfc8 18.Nd4 Qxd1 19.Rfxd1 Rc4 20.Rbc1 Ra4 21.Rc2 Ne5 22.Nc6 Re8
23.Nxe7+ Rxe7 24.Rc8+ Bf8 25.d6 Rb7 26.Bh6 Nd7 27.Bxf8 Nxf8 28.d7 Rxd7 29.Rxd7 Rxa2
30.g3 Kg7 31.Rb7 Ne6 32.Ra8 a5 33.Rxb6 Ng5 34.Ra7 Nh3+ 35.Kg2 Nxf2 36.Kf3 Nh3
37.e5 Kh6 38.Ke3 Rxh2 39.Rxf7 Rg2 40.Rf3 Ng5 41.Rf2 Rxg3+ 42.Kf4 Rh3 43.e6 Rh4+
44.Ke5 Nxe6 45.Kxe6 a4 46.Kf6 g5 47.Rb5 Rh5 48.Ra5  1-0

[Event "Camaguey-B"]
[Site "Camaguey"]
[Date "1987.??.??"]
[Round "?"]
[White "Matamoros Franco, Carlos S"]
[Black "Garcia Martinez, Silvino"]
[Result "1/2-1/2"]
[WhiteElo "2395"]
[BlackElo "2455"]

1.d4 Nf6 2.c4 g6 3.Nc3 d5 4.cxd5 Nxd5 5.e4 Nxc3 6.bxc3 Bg7 7.Nf3 c5 8.Be3 O-O
9.Be2 cxd4 10.cxd4 Qa5+ 11.Bd2 Qd8 12.Be3 Qa5+ 13.Bd2 Qd8  1/2-1/2

[Event "Debrecen"]
[Site "Debrecen"]
[Date "1987.??.??"]
[Round "7"]
[White "Karsa, Laszlo"]
[Black "Gauglitz, Gernot"]
[Result "0-1"]
[WhiteElo "2435"]
[BlackElo "2480"]

1.d4 Nf6 2.c4 g6 3.Nc3 d5 4.cxd5 Nxd5 5.e4 Nxc3 6.bxc3 Bg7 7.Bc4 c5 8.Ne2 Nc6
9.Be3 cxd4 10.cxd4 O-O 11.O-O Bg4 12.f3 Na5 13.Rc1 Nxc4 14.Rxc4 Bd7 15.Qb3 Qa5
16.Nc3 b5 17.Rc5 Rfc8 18.Nd5 Rxc5 19.dxc5 e6 20.c6 Be8 21.Ne7+ Kh8 22.Rc1 Bf6
23.Bc5 Qc7 24.Qa3 Bxc6 25.Bd6 Qb6+ 26.Bc5 Qb7 27.Bb4 Be8 28.Bc3 Kg7 29.Bxf6+ Kxf6
30.Nd5+ exd5 31.Qc3+ Ke6 32.exd5+ Kd7 33.f4 Qb6+ 34.Kh1 Qd6 35.Qh3+ Kd8 36.Qh4+ Qe7
37.Qxh7 Rc8 38.Rd1 Qf6  0-1

[Event "HUN-ch op"]
[Site "Eger"]
[Date "1987.??.??"]
[Round "?"]
[White "Boensch, Uwe"]
[Black "Michaelsen, Nils"]
[Result "1-0"]
[WhiteElo "2530"]
[BlackElo "2205"]

1.d4 Nf6 2.c4 g6 3.Nc3 d5 4.cxd5 Nxd5 5.e4 Nxc3 6.bxc3 Bg7 7.Bc4 c5 8.Ne2 Nc6
9.Be3 O-O 10.O-O Qc7 11.Rc1 Rd8 12.Qe1 Qa5 13.e5 Bf5 14.f4 cxd4 15.Nxd4 Nxd4
16.cxd4 Qxe1 17.Rfxe1 e6 18.Be2 Be4 19.Kf2 Rac8 20.Bf3 Bxf3 21.Kxf3 h5 22.Red1 Bf8
23.Rxc8 Rxc8 24.d5 exd5 25.Rxd5 Rc3 26.h3 b6 27.Rd8 Kg7 28.Ke4 Rc4+ 29.Kd3 Ra4
30.Bd4 Kg8 31.g4 hxg4 32.hxg4 Rxa2 33.f5 gxf5 34.gxf5 Ra3+ 35.Bc3 Kg7 36.f6+ Kg8
37.Kc2 Ra4 38.Kb3 b5 39.Bd4 Ra3+ 40.Kb2 Rd3 41.Kc2 Rxd4 42.Rxd4 Kh7 43.Rd7 Kg6
44.Rxa7 Bc5 45.Re7 Kf5 46.Kd3 Bg1 47.Rxf7 Kxe5 48.Rg7  1-0

[Event "HUN-ch op"]
[Site "Eger"]
[Date "1987.??.??"]
[Round "?"]
[White "Kiss, Pal"]
[Black "Gauglitz, Gernot"]
[Result "0-1"]
[WhiteElo "2300"]
[BlackElo "2465"]

1.d4 Nf6 2.c4 g6 3.Nc3 d5 4.cxd5 Nxd5 5.e4 Nxc3 6.bxc3 Bg7 7.Bc4 c5 8.Ne2 cxd4
9.cxd4 Nc6 10.Be3 O-O 11.O-O Bg4 12.f3 Na5 13.Bd5 Bc8 14.Rc1 e6 15.Bc4 Nxc4
16.Rxc4 b6 17.Rc2 Ba6 18.Rd2 Bc4 19.Re1 b5 20.Nc1 a5 21.Nb3 Qe7 22.Nc5 a4
23.Qb1 Rfd8 24.Qb4 Bf8 25.e5 Qc7 26.Red1 a3 27.Qc3 Bd5 28.Rb1 Qc6 29.Rc2 Be7
30.Qd2 Qb6 31.Bg5 Bxg5 32.Qxg5 Bxa2 33.Rxa2 Rxd4 34.Qc1 Rd5 35.Rxa3 Rxa3
36.Qxa3 Rxc5 37.Kh1 b4 38.Qa8+ Kg7 39.Qe4 b3 40.h3 b2 41.Qf4 Rc2 42.Qf6+ Kg8
43.Kh2 Qd4  0-1

[Event "USA-ch (Women)"]
[Site "Estes Park"]
[Date "1987.??.??"]
[Round "1"]
[White "Burtman, Sharon"]
[Black "Savereide, Diane"]
[Result "0-1"]
[WhiteElo "2000"]
[BlackElo "2280"]

1.d4 Nf6 2.c4 g6 3.Nc3 d5 4.cxd5 Nxd5 5.e4 Nxc3 6.bxc3 Bg7 7.Bc4 O-O 8.Ne2 c5
9.O-O Nc6 10.Be3 Qc7 11.Rc1 Rd8 12.Bf4 e5 13.Bg3 Qe7 14.d5 Na5 15.Bb3 c4
16.Bc2 b5 17.Rb1 a6 18.a4 Qc5 19.Qd2 Nb7 20.Bh4 f6 21.Kh1 g5 22.Bg3 Nd6 23.f3 Bd7
24.Bf2 Qc7 25.Ra1 a5 26.axb5 Bxb5 27.g4 Bf8 28.Ng3 a4 29.Nf5 a3 30.h4 h6
31.Kg2 Nxf5 32.gxf5 Rdb8 33.hxg5 hxg5 34.Ra2 Ba4 35.Be3 Bb3 36.Raa1 Bxc2
37.Qxc2 Rb2 38.Qxb2 axb2 39.Rxa8 Qb7 40.Ra7 b1=Q 41.Rxb1 Qxb1 42.Ra8 Qb7
43.Ra2 Ba3 44.Kg3 Qb3  0-1

[Event "Frunze"]
[Site "Frunze"]
[Date "1987.??.??"]
[Round "?"]
[White "Vaisser, Anatoli"]
[Black "Konopka, Michal"]
[Result "0-1"]
[WhiteElo "2490"]
[BlackElo "2285"]

1.d4 Nf6 2.c4 g6 3.Nc3 d5 4.cxd5 Nxd5 5.e4 Nxc3 6.bxc3 Bg7 7.Nf3 c5 8.Rb1 O-O
9.Be2 Qa5 10.O-O Qxc3 11.Bd2 Qa3 12.Qc2 Bd7 13.dxc5 Be6 14.Rxb7 Nc6 15.Bb5 Rfc8
16.Qa4 Qxa4 17.Bxa4 Bxa2 18.Rc1 h6 19.g4 Kf8 20.Kg2 Be6 21.g5 h5 22.h3 a5
23.Be3 Nb4 24.Nd4 Nd3 25.Rc3 Nf4+ 26.Kf3 Bxh3 27.Rc2 Nd3 28.Kg3 Nxc5 29.Rxc5 Rxc5
30.Ne6+ Bxe6 31.Bxc5 Be5+ 32.f4 Bd6 33.Bd4 h4+ 34.Kf3 Bc8 35.Rb1 Rb8 36.Rc1 Be6
37.e5 Ba3 38.Ra1 Rb4 39.Rxa3 Rxd4 40.Bb5 h3 41.Kg3 Rd1 42.Bc6 Rg1+ 43.Kh2 Rc1
44.Bf3 Rc5 45.Kg3 Ke8 46.Rd3 a4 47.Bd1 Rc4 48.Ra3 Bd7 49.Rd3 Rb4 50.Rd5 Rb2
51.e6 Rg2+ 52.Kf3 fxe6  0-1

[Event "POL-ch sf"]
[Site "Gdynia"]
[Date "1987.??.??"]
[Round "12"]
[White "Czerwonski, Aleksander"]
[Black "Palosz, Andrzej"]
[Result "1-0"]
[WhiteElo "2315"]
[BlackElo "2280"]

1.d4 Nf6 2.c4 g6 3.Nc3 d5 4.cxd5 Nxd5 5.e4 Nxc3 6.bxc3 Bg7 7.Nf3 c5 8.Rb1 O-O
9.Be2 Qa5 10.O-O Qxa2 11.Bf4 cxd4 12.cxd4 Rd8 13.d5 Na6 14.Ne5 Nc5 15.Bc4 Qa4
16.Qe2 a6 17.Rfc1 b5 18.Bxb5 Qxe4 19.Qxe4 Nxe4 20.Bc6 Ra7 21.f3 Nd6 22.Be3 Bf5
23.Rb3 Rc7 24.Bb6 Rb8 25.f4 g5 26.g3 Bh6 27.g4 Be4 28.Nd7 Rxd7 29.Bxd7 Bxd5
30.Rbb1 Be4 31.Rb4 gxf4 32.Bc5 Rxb4 33.Bxb4 f3 34.Re1 Bg5 35.Bxd6 Bb7 36.Bg3 e6
37.Rb1 Be4 38.Ra1 Bd3 39.Ra3  1-0

[Event "DSV-Turnier"]
[Site "Halle"]
[Date "1987.??.??"]
[Round "?"]
[White "Knaak, Rainer"]
[Black "Vogt, Lothar"]
[Result "1/2-1/2"]
[WhiteElo "2530"]
[BlackElo "2460"]

1.d4 Nf6 2.c4 g6 3.Nc3 d5 4.cxd5 Nxd5 5.e4 Nxc3 6.bxc3 Bg7 7.Bc4 O-O 8.Ne2 c5
9.O-O Nc6 10.Be3 cxd4 11.cxd4 Bg4 12.f3 Na5 13.Bd3 Be6 14.d5 Bxa1 15.Qxa1 f6
16.Qb1 Bd7 17.e5 fxe5 18.Bxg6 hxg6 19.Qxg6+ Kh8 20.Qh5+ Kg8 21.Qg6+ Kh8 22.f4 Nc4
23.Rf3 Nxe3 24.Qh6+ Kg8 25.Rg3+ Bg4 26.Qg6+  1/2-1/2

[Event "Hamburg HSV"]
[Site "Hamburg"]
[Date "1987.??.??"]
[Round "?"]
[White "Stone, Raymond"]
[Black "Fette, Martin"]
[Result "1/2-1/2"]
[WhiteElo "2375"]
[BlackElo "2305"]

1.d4 Nf6 2.c4 g6 3.Nc3 d5 4.cxd5 Nxd5 5.e4 Nxc3 6.bxc3 Bg7 7.Bc4 b6 8.Qf3 O-O
9.e5 Ba6 10.Bd5 c6 11.Bb3 Nd7 12.Ne2 c5 13.Nf4 cxd4 14.cxd4 e6 15.Bb2 Rc8
16.Ne2 Nb8 17.Rd1 Nc6 18.O-O Na5 19.Rfe1 Bb7 20.Qg3 Qd7 21.Nc3 Nxb3 22.axb3 Rfd8
23.Ne4 Bxe4 24.Rxe4 Rc2 25.Ba3 Qd5 26.Re3 Rdc8 27.h3 b5 28.Qf3 Qxf3 29.Rxf3 a5
30.Bd6 Bf8 31.d5 Rc1 32.Rd3 Rxd1+  1/2-1/2

[Event "Hamburg HSV"]
[Site "Hamburg"]
[Date "1987.??.??"]
[Round "?"]
[White "Michaelsen, Nils"]
[Black "Wegner, Hannu"]
[Result "1/2-1/2"]
[WhiteElo "2205"]
[BlackElo "2370"]

1.d4 Nf6 2.c4 g6 3.Nc3 d5 4.cxd5 Nxd5 5.e4 Nxc3 6.bxc3 Bg7 7.Bc4 c5 8.Ne2 O-O
9.O-O Nc6 10.Be3 Bg4 11.f3 Na5 12.Bxf7+ Rxf7 13.fxg4 Rxf1+ 14.Kxf1 Qd6 15.Kg1 Qe6
16.Qd3 cxd4  1/2-1/2

[Event "Hamburg-ch"]
[Site "Hamburg"]
[Date "1987.??.??"]
[Round "?"]
[White "Michaelsen, Nils"]
[Black "Fette, Martin"]
[Result "1/2-1/2"]
[WhiteElo "2205"]
[BlackElo "2280"]

1.d4 Nf6 2.c4 g6 3.Nc3 d5 4.cxd5 Nxd5 5.e4 Nxc3 6.bxc3 Bg7 7.Bc4 c5 8.Ne2 O-O
9.O-O Nc6 10.Be3 Bg4 11.f3 Na5 12.Bd3 Bd7 13.Qd2 Rc8 14.Rac1 b5 15.Bh6 Bxh6
16.Qxh6 cxd4 17.cxd4 Qb6 18.Qg5 Nc6 19.Qxb5 Nxd4 20.Qxb6 Nxe2+ 21.Bxe2  1/2-1/2

[Event "NOR-ch"]
[Site "Kristiansand"]
[Date "1987.??.??"]
[Round "?"]
[White "Tisdall, Jonathan D"]
[Black "Bjerke, Richard"]
[Result "1/2-1/2"]
[WhiteElo "2450"]
[BlackElo "2270"]

1.d4 Nf6 2.c4 g6 3.Nc3 d5 4.cxd5 Nxd5 5.e4 Nxc3 6.bxc3 Bg7 7.Bc4 c5 8.Ne2 O-O
9.Be3 cxd4 10.cxd4 Nc6 11.O-O Bg4 12.f3 Na5 13.Bd3 Be6 14.Rc1 Bxa2 15.Qa4 Be6
16.d5 Bd7 17.Qb4 b6 18.f4 e6 19.d6 Kh8 20.e5 Nc6 21.Qe4 f5 22.exf6 Bxf6 23.Ba6 Na5
24.Nd4 Qe8 25.Rc7 Rb8 26.Bd2 Kg8 27.Re1 Bxd4+ 28.Qxd4 Nb3 29.Qe3 Nxd2 30.Qxd2 b5
31.Qd4 Rf7 32.Qxa7 Ra8 33.Qb7 Rb8 34.Qa7 Ra8  1/2-1/2

[Event "NOR-ch"]
[Site "Kristiansand"]
[Date "1987.??.??"]
[Round "?"]
[White "Ogaard, Leif"]
[Black "Bjerke, Richard"]
[Result "1/2-1/2"]
[WhiteElo "2435"]
[BlackElo "2270"]

1.d4 Nf6 2.c4 g6 3.Nc3 d5 4.cxd5 Nxd5 5.e4 Nxc3 6.bxc3 Bg7 7.Bc4 c5 8.Ne2 O-O
9.O-O Nc6 10.Be3 Qc7 11.Rc1 Rd8 12.Bf4 Qd7 13.d5 Na5 14.Bb3 b5 15.c4 Ba6
16.Qd2 Nxc4 17.Bxc4 bxc4 18.Rfd1 Qa4 19.e5 Rac8 20.Nc3 Qd7 21.Qe3 Bb7 22.h3 h5
23.Rd2 Qf5 24.Rcd1 g5 25.Bh2 Rd7 26.Qe2 Rcd8 27.g4 hxg4 28.hxg4 Qh7 29.f3 Qh3
30.Qg2 Qh8 31.Qe2 Qh3 32.Qg2 Qh8 33.Qe2  1/2-1/2

[Event "NOR-ch"]
[Site "Kristiansand"]
[Date "1987.??.??"]
[Round "?"]
[White "Agdestein, Espen"]
[Black "Ostenstad, Berge"]
[Result "1/2-1/2"]
[WhiteElo "2355"]
[BlackElo "2410"]

1.d4 Nf6 2.c4 g6 3.Nc3 d5 4.cxd5 Nxd5 5.e4 Nxc3 6.bxc3 Bg7 7.Nf3 c5 8.Rb1 O-O
9.Be2 Qa5 10.O-O Qxa2 11.Bg5 cxd4 12.cxd4 Re8 13.Bb5 Bd7 14.Bxd7 Nxd7 15.Rxb7 Nf6
16.Qd3 Rab8 17.Rfb1 Rxb7 18.Rxb7 Qa1+ 19.Rb1 Qa4 20.h3 Qc6 21.d5 Qa8 22.Rb5 Rb8
23.Ra5 Qb7 24.e5 Nd7 25.e6 fxe6 26.dxe6 Nf8 27.Be3 Qb1+  1/2-1/2

[Event "URS-FL"]
[Site "Lvov"]
[Date "1987.??.??"]
[Round "?"]
[White "Bareev, Evgeny"]
[Black "Lputian, Smbat G"]
[Result "1-0"]
[WhiteElo "2555"]
[BlackElo "2540"]

1.d4 Nf6 2.c4 g6 3.Nc3 d5 4.cxd5 Nxd5 5.e4 Nxc3 6.bxc3 Bg7 7.Bc4 c5 8.Ne2 Nc6
9.Be3 O-O 10.O-O Bg4 11.f3 Na5 12.Bd3 cxd4 13.cxd4 Be6 14.Qa4 Bd7 15.Qa3 e6
16.Rac1 Re8 17.Bf2 Nc6 18.Rfd1 Qe7 19.Qb2 Qb4 20.Qa1 Qa3 21.Rb1 b6 22.Bb5 Rac8
23.Rb3 Qe7 24.Ba6 Rcd8 25.a4 Nb4 26.Bb5 a5 27.Nc3 Rc8 28.Qb1 Red8 29.Bxd7 Qxd7
30.Nb5 Qb7 31.Bh4 Rd7 32.Be1 Rc4 33.Bxb4 axb4 34.Rxb4 Qc6 35.Rxc4 Qxc4 36.Qd3 Bxd4+
37.Nxd4 Qxd3 38.Rxd3 e5 39.Kf2 exd4 40.Ke2 Kf8 41.g4 Rc7 42.Rxd4 Rc2+ 43.Rd2  1-0

[Event "URS-FL"]
[Site "Lvov"]
[Date "1987.??.??"]
[Round "?"]
[White "Vyzmanavin, Alexey"]
[Black "Panchenko, Alexander N"]
[Result "1-0"]
[WhiteElo "2480"]
[BlackElo "2475"]

1.d4 Nf6 2.c4 g6 3.Nc3 d5 4.cxd5 Nxd5 5.e4 Nxc3 6.bxc3 Bg7 7.Bc4 O-O 8.Ne2 Nc6
9.Bd3 b6 10.O-O Bb7 11.Bg5 Qd7 12.Qd2 Na5 13.Rac1 e6 14.h4 c5 15.Bh6 Qe7
16.Rfd1 Rfd8 17.Qe3 Nc6 18.Bb5 Bxh6 19.Qxh6 Rac8 20.f3 cxd4 21.cxd4 Nb4 22.Qd2 h5  1-0

[Event "Marseille"]
[Site "Marseille"]
[Date "1987.??.??"]
[Round "?"]
[White "Murrey, Jacob"]
[Black "Kouatly, Bachar"]
[Result "1/2-1/2"]
[WhiteElo "2505"]
[BlackElo "2470"]

1.d4 Nf6 2.c4 g6 3.Nc3 d5 4.cxd5 Nxd5 5.e4 Nxc3 6.bxc3 Bg7 7.Bc4 c5 8.Ne2 Nc6
9.Be3 O-O 10.O-O Bg4 11.f3 Bd7 12.Rb1 Rc8 13.dxc5 Na5 14.Bd5 Qc7 15.a3 Rfd8
16.Qc1 e6 17.Ba2 Bf8 18.Kh1 Bxc5 19.Bg5 Re8 20.f4 Bc6 21.Ng3 b5 22.f5 Nc4
23.Bxc4 bxc4 24.Nh5 exf5 25.Nf6+ Kg7 26.Bh6+ Kh8 27.Qg5 Re6 28.Qh4 Be7 29.Bg5 h5
30.Nxh5 Rxe4 31.Rf4 Bxg5 32.Qxg5 Qe5 33.h4 gxh5 34.Qxh5+ Kg8 35.Qg5+ Qg7
36.Rxf5 Rxh4+ 37.Kg1 Rg4  1/2-1/2